| Tag |
First Indicator |
Second Indicator |
Subfields |
| LEADER |
00000cam a2200000Ia 4500 |
| 001 |
in00002194591 |
| 005 |
20200227113742.0 |
| 008 |
860710r19811978vau b f000 0 eng d |
| 035 |
|
|
|a (OCoLC)ocm13848180
|
| 040 |
|
|
|a FQR
|c FQR
|d TXA
|d UtOrBLW
|
| 049 |
|
|
|a TXAM
|
| 086 |
0 |
|
|a D 210.109:12
|
| 090 |
|
|
|a QC233
|b .B76 1978a
|
| 100 |
1 |
|
|a Brock, H. K.
|
| 245 |
1 |
4 |
|a The AESD parabolic equation model /
|c H.K. Brock.
|
| 264 |
|
1 |
|a NSTL Station, Miss. :
|b Naval Ocean Research and Development Activity,
|c [1978]
|
| 300 |
|
|
|a iii, 48 leaves.
|
| 336 |
|
|
|a text
|b txt
|2 rdacontent
|
| 337 |
|
|
|a unmediated
|b n
|2 rdamedia
|
| 338 |
|
|
|a volume
|b nc
|2 rdacarrier
|
| 490 |
1 |
|
|a NORDA technical note ;
|v 12
|
| 500 |
|
|
|a "January 1978."
|
| 504 |
|
|
|a Bibliography: leaf 26.
|
| 533 |
|
|
|a Photocopy.
|b [Alexandria, VA] :
|c DTIC,
|d 1981.
|e 28 cm.
|
| 650 |
|
0 |
|a Sound-waves
|x Transmission
|x Mathematical models.
|
| 650 |
|
0 |
|a Sound
|x Transmission
|x Mathematical models.
|
| 710 |
1 |
|
|a United States.
|b Naval Ocean Research and Development Activity.
|
| 830 |
|
0 |
|a NORDA technical note ;
|v 12.
|
| 994 |
|
|
|a C0
|b TXA
|
| 999 |
|
|
|a MARS
|
| 999 |
f |
f |
|s 2b94d77f-0330-36d3-b6aa-7e1b056c3c0c
|i a678285d-2ddb-3c72-93fa-c19522bd4109
|t 0
|
| 952 |
f |
f |
|p normal
|a Texas A&M University
|b College Station
|c Sterling C. Evans Library
|d Evans: US Documents (Annex 5th floor)
|t 0
|e D 210.109:12
|h Superintendent of Documents classification
|i unmediated -- volume
|m A14833933580
|
| 998 |
f |
f |
|a D 210.109:12
|t 0
|l Evans: US Documents (Annex 5th floor)
|